Os 8 Planetas em 15 segundos - Statistics

Estatísticas Gerais
  • Esse quiz foi jogado 1 169 vezes
  • A pontuação média é 6 de 8
Respostas no mapa
Respostas codificadas por cores de uma escala verde-vermelha no mapa do quiz de acordo com a % correta abaixo.
 
Estatísticas das Respostas
Planetas % Correto
Terra
92%
Marte
87%
Mercúrio
83%
Vênus
82%
Júpiter
81%
Saturno
75%
Urano
68%
Netuno
59%
Nenhum quiz correspondente encontrado
Distribuição das Pontuações
Porcentagem de Pessoas com Cada Pontuação
Percentil de Números Respondidos
Sua Pontuação Histórica
Você não jogou esse quiz